Mula arthashastra II: (Record no. 223166)
[ view plain ]
| 000 -LEADER | |
|---|---|
| fixed length control field | 01414nam a22002537a 4500 |
| 005 - DATE AND TIME OF LATEST TRANSACTION | |
| control field | 20220601113043.0 |
| 008 - FIXED-LENGTH DATA ELEMENTS--GENERAL INFORMATION | |
| fixed length control field | 220531b ||||| |||| 00| 0 eng d |
| 040 ## - CATALOGING SOURCE | |
| Transcribing agency | Aloy |
| 041 ## - LANGUAGE CODE | |
| Language code of text/sound track or separate title | kan |
| 082 ## - DEWEY DECIMAL CLASSIFICATION NUMBER | |
| Edition number | 23 |
| Classification number | 330K |
| Item number | KUMM |
| 100 ## - MAIN ENTRY--PERSONAL NAME | |
| Personal name | Basavaraja Kumnura: ಬಸವರಾಜ ಕುಮ್ನೂರ |
| 100 ## - MAIN ENTRY--PERSONAL NAME | |
| 9 (RLIN) | 39895 |
| 245 ## - TITLE STATEMENT | |
| Title | Mula arthashastra II: |
| Remainder of title | ಮೂಲ ಅರ್ಥಶಾಸ್ತ್ರII |
| 260 ## - PUBLICATION, DISTRIBUTION, ETC. | |
| Place of publication, distribution, etc. | Kalaburagi: |
| Name of publisher, distributor, etc. | S S Bhavikatti Prakashana |
| Date of publication, distribution, etc. | 2022 |
| 300 ## - PHYSICAL DESCRIPTION | |
| Extent | viii,225p. |
| Other physical details | PB |
| Dimensions | 21x13cm. |
| 365 ## - TRADE PRICE | |
| Source of price type code | Economics |
| Price type code | 1162 |
| Price amount | 128.00 |
| Currency code | ₹ |
| Unit of pricing | 160.00 |
| Price note | 20% |
| Price effective from | 25-05-2022 |
| 520 ## - SUMMARY, ETC. | |
| Summary, etc. | ಪರಿವಿಡಿ:<br/>ಸಮಗ್ರ ಆರ್ಥಿಕತೆ <br/>ಹಣಕಾಸಿನ ಆರ್ಥಿಕತೆ <br/>ಹಣದುಬ್ಬರ <br/>ಸಮಗ್ರ ಆರ್ಥಿಕ ಸವಾಲುಗಳು <br/>ಹಣಕಾಸಿನ ನೀತಿ <br/>ಕೋಶೀಯ ನೀತಿ <br/>ಬಡತನ ಮತ್ತು ಸಾರ್ವಜನಿಕ ನೀತಿ <br/>ಅಂತಾರಾಷ್ಟ್ರೀಯ ವ್ಯಾಪಾರ <br/>ಜಾಗತೀಕರಣ |
| 650 ## - SUBJECT ADDED ENTRY--TOPICAL TERM | |
| Topical term or geographic name entry element | ಸಮಗ್ರ ಆರ್ಥಿಕತೆ: Macro Economy |
| 9 (RLIN) | 39764 |
| 650 ## - SUBJECT ADDED ENTRY--TOPICAL TERM | |
| Topical term or geographic name entry element | Inflation: ಹಣದುಬ್ಬರ |
| 9 (RLIN) | 39765 |
| 650 ## - SUBJECT ADDED ENTRY--TOPICAL TERM | |
| Topical term or geographic name entry element | Basic Economics II |
| 9 (RLIN) | 39766 |
| 650 ## - SUBJECT ADDED ENTRY--TOPICAL TERM | |
| Topical term or geographic name entry element | NEP: ರಾಷ್ಟೀಯ ಶಿಕ್ಷಣ ನೀತಿ |
| 9 (RLIN) | 39767 |
| 650 ## - SUBJECT ADDED ENTRY--TOPICAL TERM | |
| Topical term or geographic name entry element | II Sem BA |
| 9 (RLIN) | 39896 |
| 700 ## - ADDED ENTRY--PERSONAL NAME | |
| Personal name | KUMNURA (Basavaraja); ಕುಮ್ನೂರ (ಬಸವರಾಜ) |
| 9 (RLIN) | 39768 |
| 942 ## - ADDED ENTRY ELEMENTS (KOHA) | |
| Source of classification or shelving scheme | Dewey Decimal Classification |
| Koha item type | Book |
| Withdrawn status | Lost status | Source of classification or shelving scheme | Damaged status | Not for loan | Collection code | Home library | Current library | Date acquired | Source of acquisition | Cost, normal purchase price | Total Checkouts | Full call number | Barcode | Date last seen | Cost, replacement price | Price effective from | Koha item type |
|---|---|---|---|---|---|---|---|---|---|---|---|---|---|---|---|---|---|
| Dewey Decimal Classification | Economics | St Aloysius Library | St Aloysius Library | 05/31/2022 | Biblios Book Point, Surathkal, Mangalore-575014 | 128.00 | 330K KUMM | 075851 | 05/31/2022 | 160.00 | 05/31/2022 | Book | |||||
| Dewey Decimal Classification | Economics | St Aloysius Library | St Aloysius Library | 05/31/2022 | Biblios Book Point, Surathkal, Mangalore-575014 | 128.00 | 330K KUMM | 075852 | 05/31/2022 | 160.00 | 05/31/2022 | Book |